000 00373nam a2200145Ia 4500
008 230718s9999 xx 000 0 und d
041 _aEng.
082 _a343
_bموس-ن
100 _aموسیٰ ، ملک محمد
245 0 _aنایاب اُردو
260 _aPakistan
_bمیدان پہلی شہر لاہو؟
_c2009
300 _a329
650 _aLaw
999 _c28771
_d28771